00534nam a2200157Ia 4500008004100000020001800041082001900059100003200078245006200110250000700172260004400179300001100223650001700234952010800251999001700359120622s9999 xx 000 0 und d a970-647-044-1 a160 G984i 1997 aGutiérrez Sáenz, Raúl aIntroducción a la lógica / Raúl Gutiérrez Sáenz a32 aNaucalpan, Estado de México : Esfinge a328 p. a1. LOGICAÌ 00104070a01b01d2007-01-25l4m1o160 G984I 1997p01 004370r2024-04-11s2016-08-09w2012-06-24yLB c55334d55334